Managerial economics/ (Record no. 364054)
[ view plain ]
| 000 -LEADER | |
|---|---|
| fixed length control field | 00445nam a2200133Ia 4500 |
| 008 - FIXED-LENGTH DATA ELEMENTS--GENERAL INFORMATION | |
| fixed length control field | 200903s9999 xx 000 0 und d |
| 020 ## - INTERNATIONAL STANDARD BOOK NUMBER | |
| International Standard Book Number | 978-981-48-4675-2 |
| 100 ## - MAIN ENTRY--PERSONAL NAME | |
| Personal name | Froeb, Luke M. |
| 245 ## - TITLE STATEMENT | |
| Statement of responsibility, etc | Luke M. Froeb, Brian T. McCann, Michael R. Ward, Mike Shor |
| Title | Managerial economics/ |
| 260 ## - PUBLICATION, DISTRIBUTION, ETC. (IMPRINT) | |
| Place of publication, distribution, etc | Australia: |
| Name of publisher, distributor, etc | Cengage Learning Asia Pte Ltd. |
| Date of publication, distribution, etc | 2019 |
| 300 ## - PHYSICAL DESCRIPTION | |
| Extent | xvi, 332 pages |
| Dimensions | 23 cm. |
| 500 ## - GENERAL NOTE | |
| General note | Includes index |
| 650 ## - SUBJECT ADDED ENTRY--TOPICAL TERM | |
| Topical term or geographic name as entry element | Managerial economics |
| Withdrawn status | Lost status | Damaged status | Home library | Current library | Shelving location | Date acquired | Source of acquisition | Total Checkouts | Full call number | Barcode | Date last seen | Price effective from | Koha item type |
|---|---|---|---|---|---|---|---|---|---|---|---|---|---|
| College Library | College Library | Reserve Section | 09/03/2020 | Library Fund | HD 30.22 .F925 2019 | C22188 | 09/03/2020 | 09/03/2020 | Books |